000 00980nab a22002297a 4500
999 _c5970
_d5970
003 OSt
005 20260114152625.0
008 190605e xxu||||| |||| 00| 0 spa d
040 _cPJ
100 _aCordero, Julio G.
_96167
245 1 3 _aLa salud y la seguridad en el trabajo como derechos fundamentales. 110.a Conferencia Internacional del Trabajo (OIT) /
_cJulio G. Cordero.
260 _aCiudad Autónoma de Buenos Aires :
_bThomson Reuters La Ley,
_c2022.
300 _ap. 5-6
500 _aCita: TR LALEY AR/DOC/2433/2022.
505 _t¿Te interesa el texto completo? Solicitalo al correo: koha@justierradelfuego.gov.ar
650 0 _91316
_aDERECHO LABORAL
650 0 _95233
_aPANDEMIA
650 0 _91570
_aDERECHOS DEL TRABAJADOR
650 0 _94925
_aORGANIZACION INTERNACIONAL DEL TRABAJO
773 0 _02711
_93168
_dCiudad Autónoma de Buenos Aires : Thomson Reuters La Ley, 1999-2002.
_tRevista de derecho del trabajo. Nº 5 - Septiembre 2022
942 _2udc
_cANA